000 00294nam a2200133Ia 4500
005 20251222155156.0
008 251222s9999||||xx |||||||||||||| ||spa||
082 _aSIC.83
100 _aDiane E.Papalia
245 0 _aPsicologĂ­a
250 _a1ra. ed.
264 _bMc.Graw Hill
942 _cLIB
999 _c39742
_d39742